| 000 | 00869cam a2200145ua 4500 | ||
|---|---|---|---|
| 041 |
_aeng _h |
||
| 082 |
_a631.361 _bIND/TE |
||
| 110 | 1 |
_aIndian Standard Institution . _b _c(New Delhi ) |
|
| 245 | _aTest code for power thresher for cereals, IS:6284-1985 | ||
| 260 |
_aNew Delhi : _bIndian Standards Institution , _c1986. |
||
| 300 | _a28 ; . | ||
| 504 | _a | ||
| 942 | _cBK | ||
| 999 |
_c4488 _d4488 |
||